The influence of TV programs on the behavior of S.I.S. grade 6 students, SY 1996-1997 in and out of school. (Record no. 96102)
[ view plain ]
| 000 -LEADER | |
|---|---|
| fixed length control field | 00949nam a2200229 a 4500 |
| 003 - CONTROL NUMBER IDENTIFIER | |
| control field | 0 |
| 005 - DATE AND TIME OF LATEST TRANSACTION | |
| control field | 20250623101103.0 |
| 008 - FIXED-LENGTH DATA ELEMENTS--GENERAL INFORMATION | |
| fixed length control field | 030604s19uu xx 00 eng d |
| 050 ## - LIBRARY OF CONGRESS CALL NUMBER | |
| Classification number | PGS PN 1992.77 |
| Item number | .P579 1997 |
| 050 ## - LIBRARY OF CONGRESS CALL NUMBER | |
| Classification number | PGS PN 1992.77 |
| Item number | .P579 1997 |
| 100 ## - MAIN ENTRY--PERSONAL NAME | |
| Personal name | Piad, Rexianne Caroline M. |
| 245 ## - TITLE STATEMENT | |
| Title | The influence of TV programs on the behavior of S.I.S. grade 6 students, SY 1996-1997 in and out of school. |
| Statement of responsibility, etc | Rexianne Caroline M. Piad. |
| 260 ## - PUBLICATION, DISTRIBUTION, ETC. (IMPRINT) | |
| Place of publication, distribution, etc | Las Piñas City, Philippines : |
| Name of publisher, distributor, etc | Southville International School and Colleges, |
| Date of publication, distribution, etc | 1997. |
| 300 ## - PHYSICAL DESCRIPTION | |
| Extent | 66 pages : |
| Other physical details | colored illustrations ; |
| Dimensions | 28 cm. |
| 504 ## - BIBLIOGRAPHY, ETC. NOTE | |
| Bibliography, etc | Includes bibliographical references. |
| 650 ## - SUBJECT ADDED ENTRY--TOPICAL TERM | |
| Topical term or geographic name as entry element | Television and children |
| Form subdivision | Philippines. |
| 650 ## - SUBJECT ADDED ENTRY--TOPICAL TERM | |
| Topical term or geographic name as entry element | Television |
| Form subdivision | Psychological aspects. |
| 650 ## - SUBJECT ADDED ENTRY--TOPICAL TERM | |
| Topical term or geographic name as entry element | Television programs |
| Form subdivision | Influence. |
| 650 ## - SUBJECT ADDED ENTRY--TOPICAL TERM | |
| Topical term or geographic name as entry element | Children |
| Form subdivision | Attitudes and behavior. |
| 650 ## - SUBJECT ADDED ENTRY--TOPICAL TERM | |
| Topical term or geographic name as entry element | Grade school students |
| Form subdivision | Attitudes and behavior. |
| 942 ## - ADDED ENTRY ELEMENTS (KOHA) | |
| Source of classification or shelving scheme | Library of Congress Classification |
| Koha item type | PASS |
| Withdrawn status | Lost status | Source of classification or shelving scheme | Damaged status | Home library | Current library | Shelving location | Date acquired | Source of acquisition | Total Checkouts | Full call number | Barcode | Date last seen | Price effective from | Koha item type |
|---|---|---|---|---|---|---|---|---|---|---|---|---|---|---|
| Library of Congress Classification | Luxembourg Library | Luxembourg Library | Portfolio Assessment of SISC Students Section | 06/04/2003 | Donation | PGS PN 1992.77 .P579 1997 | P0007 | 04/08/2014 | 04/08/2014 | PASS | ||||
| Library of Congress Classification | Luxembourg Library | Luxembourg Library | Portfolio Assessment of SISC Students Section | 06/11/2003 | Donation | PGS PN 1992.77 .P579 1997 | P0068 | 04/08/2014 | 04/08/2014 | PASS |